000 00306nam a22001457a 4500
008 210302b ||||| |||| 00| 0 eng d
020 _a9780321735867
041 _aeng
080 _a573
082 _a573
100 _a11
101 _aBIO
245 _aBiology The Core
_cSimon, E.J
942 _2udc
_cBK
999 _c55538
_d55538